LEADER 01408nam a2200301 i 4500 001 000000135828 003 CaOOAMICUS 005 20190701152024.0 008 050409s2004 it u000 u ita u 013 $a109239 020 $a88-420-5541-7 040 $aSeMil$bita 245 10$aGuida a Nietzsche :$bEtica, Politica, Filologia, Musica, Teoria dell'interpretazione, Ontologia /$cAlessandro Arbo ... [et al.] ; a cura di Maurizio Ferraris. 250 $a2. ed. 264 1$aRoma ;$aBari :$bGLF editori Laterza,$c2004. 300 $aXII, 422 p. ;$c21 cm. 490 0 $aManuali Laterza ;$v108 600 14$aNietzsche, Friedrich <1844-1900>.$0(OLS)http://semarc/subject/638 700 1 $aArbo, Alessandro.$0(OLS)http://semarc/name/55363 700 1 $aFerraris, Maurizio,$d<1956- >.$0(OLS)http://semarc/name/4318 830 0$aManuali Laterza ;$v108.$0(OLS)http://semarc/title/5929 830 0$aGuide ai filosofi.$0(OLS)http://semarc/title/17352 850 $aSeMil 852 $aSeMil$W1$xVenegono$y1$m2Q VII 120$j214208$B89470$CSeMilBibl$Z2$F94297 $81 996 $6020$a88-420-5541-7$9(OLS)http://semarc/number/123224 996 $6245$aGuida a Nietzsche :$bEtica, Politica, Filologia, Musica, Teoria dell'interpretazione, Ontologia$9(OLS)http://semarc/title/198536 996 $6264$aRoma ;$aBari :$bGLF editori Laterza$9(OLS)http://semarc/publisher/37788 LEADER 01005nam a2200241 i 4500 001 000000069591 003 CaOOAMICUS 005 20080428000000.0 008 080428s1952 it u000 u ita u 013 $a40763 040 $aSeMil$bita 100 1 $aHeidegger, Martin,$d<1889-1976>.$0(OLS)http://semarc/name/3775 240 10$aVom Wesen des Grundes.$0(OLS)http://semarc/title/111444 245 10$aDell'essenza del fondamento /$cMartin Heidegger. 260 $aMilano :$bBocca,$c1952. 300 $a79 p. ;$c19 cm. 490 0 $aNuova biblioteca filosofica. Ser. 1 ;$v9 650 4$aHeidegger, Martin <1889-1976> - Ontologia.$0(OLS)http://semarc/subject/13136 830 0$aNuova biblioteca filosofica. Ser. 1 ;$v9.$0(OLS)http://semarc/title/25620 850 $aSeMil 852 $aSeMil$W1$xVenegono$y1$m2P I 189$j35744$B35744$CSeMilBibl$Z2$F35747 $81 996 $6245$aDell'essenza del fondamento$9(OLS)http://semarc/title/111443 996 $6260$aMilano :$bBocca$9(OLS)http://semarc/publisher/33804